000 00530nam a2200181Ia 4500
008 100920s9999 xx 000 0 und d
082 _b99722
_a--- न 07
100 _aकाकोडकर चंद्रकांत.
245 _aअभिमान.
260 _bसुकृत,सांगली.
_c2007
300 _a192
_bसाधी
365 _b170
520 _aकादंबरी.
630 _aअभिमान.
650 _aकादंबरी.
730 _aअभिमान.
942 _cBOOK
999 _c740160
_d740157